| 000 | 00606cam a22002411 4500 | ||
|---|---|---|---|
| 001 | sa 65003928 | ||
| 003 | DLC | ||
| 005 | 20260227112126.0 | ||
| 008 | 900214s1962 ii 000 0 sano | ||
| 010 | _asa 65003928 | ||
| 035 | _a(OCoLC)21064375 | ||
| 040 |
_aDLC _cWaU _dDLC |
||
| 042 | _apremarc | ||
| 050 | 0 | 0 |
_aPK3791.B4 _bA93 |
| 100 | 0 | _aBhāsa. | |
| 245 | 1 | 0 | _aAvimārakam. |
| 260 | _c[1962] | ||
| 300 |
_a12, 2, 176 p. _c19 cm. |
||
| 440 | 0 |
_aVidyabhawan Sanskrit granthamala, _v73 |
|
| 500 | _aIn Sanskrit; introd. in Hindi. | ||
| 500 | _aA play. | ||
| 700 | 1 |
_aMiśra, Ramacandra, _d1911- |
|
| 999 |
_c63440 _d63440 |
||